=LDR 00000nam 2200000 4500 =001 INLIS000000000012715 =005 20130612104217 =008 ***********************************Ind** =035 ##$$0010-061300000012715 =041 ##$$a Ind =082 ##$$a 613.7 =090 ##$$a 613.7, Jos i =100 ##$$a Josaputra K.T =245 ##$$a Intraksi antara proses Menua, Olah Raga, dan kesehatan =260 ##$$a 1987 $b Jakarta =300 ##$$a xv, 129 hlm., 21 cm =850 ##$$a NBPNMAT